30 School Movies Quiz Stats

 Plays Quiz Updated May 22, 2018

Challenge
Share
Tweet
Score 0/30 Timer 12:00
1 Play Today
% Correct
Harry Potter and the Sorcerer's Stone
96.4%
Grease
96.1%
The School of Rock
93.3%
Mean Girls
92.7%
Juno
89.1%
Bad Teacher
86%
Clueless
84.9%
Hairspray
83.5%
Good Will Hunting
83.3%
Matilda
83.1%
Dead Poets Society
82.5%
Easy A
80.5%
Kindergarten Cop
78.9%
Footloose
75%
Remember the Titans
68.6%
% Correct
Billy Madison
65.8%
Xmen : Apocalypse
59.6%
Inside Out
58.6%
The Amazing Spider-Man
57.1%
10 Things I Hate About You
57%
Scream
49.1%
Never Been Kissed
47.5%
Pineapple Express
29.2%
The Perks of Being a Wallflower
27.9%
A Walk to Remember
27.3%
Paranorman
24.4%
Jennifer's Body
18.2%
Snowpiercer
18.2%
Half Nelson
13.8%
Boyhood
13.4%

You're not logged in!

Compare scores with friends on all Sporcle quizzes.
Join for Free
OR
Log In

You Might Also Like...

Show Comments

Extras

Top Quizzes Today


Score Distribution

Your Account Isn't Verified!

In order to create a playlist on Sporcle, you need to verify the email address you used during registration. Go to your Sporcle Settings to finish the process.

Report this User

Report this user for behavior that violates our Community Guidelines.

Details: